| 000 | 01289cam a2200325 i 4500 | ||
|---|---|---|---|
| 001 | 49857 | ||
| 003 | Mx-PuUPA | ||
| 005 | 20240410104035.0 | ||
| 008 | 140415s2006 sp a fr 000 0 spa d | ||
| 020 | _a9788481749267 | ||
| 040 |
_aMX-PuUPA _bspa _erda _cMx-PuUPA _dMx-PuUPA |
||
| 041 | 1 |
_aspa _heng |
|
| 100 | 1 |
_aGuyton, Arthur C., _q(Clifton), _d1919-2003, _eautor _97640 |
|
| 240 | 1 | 0 |
_aTextbook of medical physiology. _lEspañol |
| 245 | 1 | 0 |
_aTratado de fisiología médica / _cArthur C. Guyton, John E. Hall ; traducción, Gea Consultoría Editorial |
| 250 | _aDecimoprimera edición | ||
| 264 | 1 |
_aBarcelona, España : _bElsevier España, _c2006 |
|
| 300 |
_axxxv, 1115 páginas : _bilustraciones (principalmente color) ; _c28 cm. |
||
| 336 |
_atexto _2rdacontent _btxt |
||
| 337 |
_asin medio _2rdamedia _bn |
||
| 338 |
_avolumen _2rdacarrier _bnc |
||
| 650 | 7 |
_aFisiología _2armarc |
|
| 700 | 1 |
_aHall, John E., _eautor |
|
| 710 | 2 |
_aGea Consultoría Editorial, _etraductor |
|
| 765 | 0 | 8 |
_aGuyton, Arthur C., (Clifton), 1919-2003 _tTextbook of medical physiology _bEleventh edition _d[Lugar de publicación no identificado] : Elsevier Inc., ©2006 _z0721602401 |
| 942 |
_2ddc _cLI _h612 _iG992 |
||
| 999 |
_c49857 _d49857 |
||